Statistics for All The Teams That Ronaldo Has Played For

Click here to take the quiz!

General Stats

  • This quiz has been taken 192 times
  • The average score is 4 of 7

Answer Stats

Answer% Correct
Real Madrid2002-2007
97%
Internazionale1997-2002
82%
Barcelona1996-1997
81%
Milan2007-2008
60%
PSV Eindhoven1994-1996
48%
Corinthians2009-2011
34%
Cruzeiro1993-1994
22%

Score Distribution

Percentile by Number Answered

Percent of People with Each Score

Your Score History

You have not taken this quiz